Prithviraj raso: bhasha aur sahitya/ (Record no. 36096)

000 -LEADER
fixed length control field 00414nam a22001571a 4500
082 ## - DEWEY DECIMAL CLASSIFICATION NUMBER
Classification number H100 7
Item number NAM/P
100 ## - MAIN ENTRY--AUTHOR NAME
Personal name Namwar Singh
245 ## - TITLE STATEMENT
Title Prithviraj raso: bhasha aur sahitya/
Statement of responsibility, etc by Namwar Singh
260 ## - PUBLICATION, DISTRIBUTION, ETC. (IMPRINT)
Place of publication New Delhi:
Name of publisher Radhakrishna,
Year of publication 1997.
300 ## - PHYSICAL DESCRIPTION
Number of Pages 272p.
650 ## - SUBJECT ADDED ENTRY--TOPICAL TERM
Topical Term Poetry Prithviraj Raso Study
650 ## - SUBJECT ADDED ENTRY--TOPICAL TERM
Topical Term Poetry Hindi Study
650 ## - SUBJECT ADDED ENTRY--TOPICAL TERM
Topical Term Literature Hindi
650 ## - SUBJECT ADDED ENTRY--TOPICAL TERM
Topical Term Literature
942 ## - ADDED ENTRY ELEMENTS (KOHA)
Koha item type Book
Holdings
Withdrawn status Lost status Damaged status Not for loan Permanent Location Current Location Date acquired Cost, normal purchase price Full call number Accession Number Cost, replacement price Price effective from Koha item type
        Sree Sankaracharya University of Sanskrit Sree Sankaracharya University of Sanskrit 08.01.2015 175.00 H100 7 NAM/P 010959 0.00 08.01.2015 Book